Papua New Guinea, Scale 1:500,000, TPC M-14D, May 15, 1997.

Bibliographic Details
Corporate Author: United States. National Imagery and Mapping Agency
Format: Government Document Book
Language:English
Published: [Place of publication not identified] : [publisher not identified], [1999?]

MARC

Tag First Indicator Second Indicator Subfields
LEADER 00000cam a22000007a 4500
001 in00000006542
005 20150929200037.0
008 990923s1999 xxu f000 0 eng d
035 |a (OCoLC) 
035 |a tmp97158038 
035 |9 AJK6555AM 
040 |a MvI  |c MvI  |d UtOrBLW 
049 |a MAPS 
074 |a 0378-E-05 
086 0 |a D 5.354:TPC M-14 D/997 
245 0 0 |a Papua New Guinea, Scale 1:500,000, TPC M-14D, May 15, 1997. 
264 1 |a [Place of publication not identified] :  |b [publisher not identified],  |c [1999?] 
336 |a text  |b txt  |2 rdacontent 
337 |a unmediated  |b n  |2 rdamedia 
338 |a volume  |b nc  |2 rdacarrier 
500 |a Shipping List #: 99-2023-S 
500 |a Shipping List Date: 09/10/99 
710 1 |a United States.  |b National Imagery and Mapping Agency. 
999 |a MARS 
999 f f |s dae87208-198b-37aa-bd1d-5af6c3ed59e5  |i 19d2e528-29fc-3c6c-ad9a-f6d5fc3a84d2  |t 0 
952 f f |p normal  |a Texas A&M University  |b College Station  |c Sterling C. Evans Library  |d Evans: Maps File (2nd floor)  |t 0  |e G3201.P6 s500 .U5 TPC M-14D  |h Library of Congress classification  |i unmediated -- volume  |m A14827048131 
998 f f |a G3201.P6 s500 .U5 TPC M-14D  |t 0  |l Evans: Maps File (2nd floor)